ბათუმის შოთა რუსთაველის სახელმწიფო უნივერსიტეტის ბიბლიოთეკა

ქართველი ათლეტები და მწვრთნელები : (ბიბ.ჩანაწერი № 59855)

000 -ლიდერი
ფიქსირებული სიგრძის საკონტროლო ველი 01547nam a22002537a 4500
003 - საკონტროლო ნომრის იდენტიფიკატორი
საკონტროლო ველი Ge_BSU
005 - ბოლო ოპერაციის თარიღი და დრო
საკონტროლო ველი 20230501100216.0
008 - ფიქსირებული სიგრძის მონაცემთა ელემენტები - ზოგადი ინფორმაცია
ფიქსირებული სიგრძის საკონტროლო ველი 230501s1998 ge ||||| |||| 00| 0 geo d
020 ## - წიგნის საერთაშორისო სტანდარტული ნომერი
International Standard Book Number 9992851600
041 ## - ენის კოდი
Language code of text/sound track or separate title geo
080 ## - უნივერსალური ათობითი კლასიფიკაციის ინდექსი
Universal Decimal Classification number 796.42.071.2(479.22) პ-44
100 ## - მთავარი ჩანაწერი - პიროვნების სახელი
Personal name პლენინგერ-თავდიდიშვილი, ალექსანდრე
9 (RLIN) 17864
245 ## - ცნობა სათაურის შესახებ
Title ქართველი ათლეტები და მწვრთნელები :
Remainder of title ანტიკური ეპოქა; XXI საუკუნის სპორტი კომპიუტერული მუსიკის თანხლებით? /
Statement of responsibility, etc ალექსანდრე პლენინგერ-თავდიდიშვილი; [რედ.: გ. პლენინგერ-თავდიდიშვილი].
264 ## - წარმოების, გამოცემის, დისტრიბუციის და სხვა ცნობები
გამოცემის, წარმოების, დისტრიბუციის... ადგილი თბილისი :
გამოცემის, წარმოების, დისტრიბუციის... სახელწოდება მეცნიერება,
გამოცემის, წარმოების, დისტრიბუციის... თარიღი 1998.
300 ## - ფიზიკური აღწერა
Extent 64გვ. ;
Other physical details 20სმ.
500 ## - ზოგადი შენიშვნა
General note თავფ. ქართ., რუს. და ინგლ. ენ.
653 ## - INDEX TERM--UNCONTROLLED
Uncontrolled term ქართველი ათლეტები
653 ## - INDEX TERM--UNCONTROLLED
Uncontrolled term ქართველი მწვრთნელები
653 ## - INDEX TERM--UNCONTROLLED
Uncontrolled term სპორტი ანტიკურ ეპოქაში
653 ## - INDEX TERM--UNCONTROLLED
Uncontrolled term სპორტის ისტორია
653 ## - INDEX TERM--UNCONTROLLED
Uncontrolled term კომპიუტერული მუსიკა
700 ## - ADDED ENTRY--PERSONAL NAME
Personal name პლენინგერ-თავდიდიშვილი, გ.
Relator term რედაქტორი
9 (RLIN) 17865
942 ## - ADDED ENTRY ELEMENTS (KOHA)
Source of classification or shelving scheme
Koha item type წიგნი
ეგზემპლარები
ჩამოწერის სტატუსი დაკარგული ეგზემპლარის სტატუსი კლასიფიკაციის წყარო ან თაროზე გაწყობის სქემა დაზიანების სტატუსი არ გაიცემა მუდმივი მდებარეობა (დაცვის ადგილი) ამჟამინდელი ადგილსამყოფელი თაროზე განთავსების ადგილი შეძენის თარიღი ღირებულება, შესყიდვის ნორმალური ფასი სრული შენახვის შიფრი შტრიხკოდი ბოლო ოპერაციის თარიღი ეგზემპლარის მიმდევრობითი ნომერი (კეტერი?) Uniform Resource Identifier ფასის ძალაში შესვლის თარიღი ეგზემპლარის სახეობა საჯარო შენიშვნა
          ბათუმის შოთა რუსთაველის სახელმწიფო უნივერსიტეტის მთავარი ბიბლიოთეკა ბათუმის შოთა რუსთაველის სახელმწიფო უნივერსიტეტის მთავარი ბიბლიოთეკა წიგნსაცავი 2023-05-01 4.00 796.42.071.2(479.22) პ-44 64292 2023-05-01 64292 ბსუ-ს საპატიო დოქტორის გურამ ლორთქიფანიძის საჩუქარი 2023-05-01 წიგნი 4 ლ.